Canadian Brand Logos! #3 - Statistics

General Stats
  • This quiz has been taken 54 times
  • The average score is 9 of 20
Answer Stats
Picture Answer % Correct
Toronto Blue Jays
66%
Crush
64%
Edmonton Oilers
64%
KIK
64%
Shopify
64%
Lionsgate
61%
Calgary Flames
59%
Bell
57%
Treehouse
57%
Justin Bieber
45%
Canada Goose
43%
MAC
39%
Goodlife Fitness
36%
Indigo
36%
Just For Laughs
32%
Nelvana
32%
CNOOC
25%
Canadian Pacific Railway
20%
Canadian Natural
18%
Toronto Maple Leaves
16%
No matching quizzes found
Score Distribution
Percent of People with Each Score
Percentile by Number Answered
Your Score History
You have not taken this quiz